Catalog

Record Details

Catalog Search



Criss Angel mindfreak. The complete season one / ... Read More

Angel, Criss.(Added Author). Arts and Entertainment Network.(Added Author). ... Read More

Available copies

  • 1 of 1 copy available at LARL/NWRL Consortium.
  • 1 of 1 copy available at Lake Agassiz Regional Library. (Show preferred library)

Current holds

0 current holds with 1 total copy.

Show Only Available Copies
Location Call Number / Copy Notes Barcode Shelving Location Status Due Date
Fosston Public Library DVD 793.8 CRI (Text) 33500013251590 Main Available -

Record details

  • ISBN: 0767087550
  • ISBN: 9780767087551
  • Physical Description: 2 videodiscs (approximately 330 min.) : sound, ... Read More
  • Publisher: New York : A & E Television Networks : 2005.

Content descriptions

General Note:
Title from container.
Contains 15 episodes from the first season.
Special features: Commentary with Criss Angel on "Burned alive" and "Body suspension" episodes ; ... Read More
Formatted Contents Note:
Burned alive -- Levitation -- Wine barrel escape ... Read More
Participant or Performer Note:
Performer: Criss Angel.
Summary, etc.:
Criss Angel: Mindfreak blurs the line between ... Read More
Target Audience Note:
MPAA rating: Not rated.
System Details Note:
DVD, region 1; Dolby Digital stereo.
Subject: Magic > United States > Drama.
Magicians > United States > Drama.
Magicians > United States > Drama.
Magic.
Magicians.
United States.
Genre: Reality-based > Television series.
Drama.
Reality television programs.
Television programs.
Reality television programs.
Television programs > United States.
Reality-based > Television series.
LDR 03199cgm a2200625Ia 4500
001346970
003LARL_NWRL_CONSORTIUM
00520200601165745.0
008051130s2005 nyu330 vleng d
007vd cvaizs
040 . ‡aTEFMT ‡beng ‡cTEFMT ‡dSXP ‡dRCS ‡dBTCTA ‡dIUI ‡dVP@ ‡dCQU ‡dOCLCA ‡dFMQ ‡dOCLCQ ‡dOCLCO ‡dOCLCF ‡dOCL ‡dOCLCQ ‡dOCLCO ‡dTXWAL ‡dOCLCA ‡dOCLCQ ‡dOCLCO ‡dPX0 ‡dLKC ‡dOCLCO
020 . ‡a0767087550
020 . ‡a9780767087551
0241 . ‡a733961741216
02841. ‡aAAE-74121 ‡bA & E Television Networks
035 . ‡a(OCoLC)62386358
037 . ‡bMidwest Tapes ‡nhttp://www.midwesttapes.com
043 . ‡an-us---
08204. ‡a793.8 ‡222
24500. ‡aCriss Angel mindfreak. ‡nThe complete season one / ‡cproduced by Angel Productions Inc. for AETN.
260 . ‡aNew York : ‡bA & E Television Networks : ‡bDistributed by New Video, ‡c2005.
300 . ‡a2 videodiscs (approximately 330 min.) : ‡bsound, color ; ‡c4 3/4 in.
336 . ‡atwo-dimensional moving image ‡btdi ‡2rdacontent
337 . ‡avideo ‡bv ‡2rdamedia
338 . ‡avideodisc ‡bvd ‡2rdacarrier
4900 . ‡aCriss Angel mindfreak ; ‡vSeason 1
538 . ‡aDVD, region 1; Dolby Digital stereo.
500 . ‡aTitle from container.
5110 . ‡aPerformer: Criss Angel.
500 . ‡aContains 15 episodes from the first season.
5218 . ‡aMPAA rating: Not rated.
520 . ‡aCriss Angel: Mindfreak blurs the line between reality and illusion as it takes viewers into the streets and behind the scenes with today's most exciting master of surreality. See Criss as he performs and prepares his often death-defying events.
500 . ‡aSpecial features: Commentary with Criss Angel on "Burned alive" and "Body suspension" episodes ; interactive illusions through your television screen ; "Inside the mind of Criss Angel" interview ; 3 mindfreaks: Criss Angel's step-by-step guide to creating your own illusions ; photo gallery ; biography.
5050 . ‡aBurned alive -- Levitation -- Wine barrel escape -- SUV nail bed -- Body suspension -- Buried alive -- Hellstromism -- Superhuman -- Blind -- Tesla strike -- Oasis -- Building walk -- C4 crate -- Radio prediction -- Chicken -- Halloween special -- Uncut -- Up close.
650 0. ‡aMagic ‡zUnited States ‡vDrama.
650 0. ‡aMagicians ‡zUnited States ‡vDrama.
650 1. ‡aMagicians ‡zUnited States ‡vDrama.
650 7. ‡aMagic. ‡2fast ‡0(LARL_NWRL_CONSORTIUM)24943
650 7. ‡aMagicians. ‡2fast ‡0(LARL_NWRL_CONSORTIUM)24951
651 7. ‡aUnited States. ‡2fast ‡0(LARL_NWRL_CONSORTIUM)54625
655 4. ‡aReality-based ‡vTelevision series.
655 7. ‡aDrama. ‡2fast
655 7. ‡aReality television programs. ‡2fast ‡0(LARL_NWRL_CONSORTIUM)175689
655 7. ‡aTelevision programs. ‡2fast ‡0(LARL_NWRL_CONSORTIUM)175822
655 7. ‡aReality television programs. ‡2lcgft ‡0(LARL_NWRL_CONSORTIUM)175689
655 7. ‡aTelevision programs ‡zUnited States. ‡2lcgft
655 7. ‡aReality-based ‡vTelevision series. ‡2migfg
7001 . ‡aAngel, Criss. ‡0(LARL_NWRL_CONSORTIUM)155604
7102 . ‡aArts and Entertainment Network. ‡0(LARL_NWRL_CONSORTIUM)150608
7102 . ‡aNew Video Group. ‡0(LARL_NWRL_CONSORTIUM)140348
7300 . ‡aMindfreak (Television program)
901 . ‡a346970 ‡b ‡c346970 ‡tbiblio

Additional Resources